000
00302nam a2200109Ia 4500
008
230907s9999||||xx |||||||||||||| ||und||
082
_a
697
_b
MCQ
245
0
_a
Heating, ventilating, and air conditioning : analysis and design /
260
_a
Wiley,
_b
New Delhi :
_c
2016
300
_a
623 p.
942
_c
BK
999
_c
600297
_d
600297